| 000 | 00459pab a2200169 454500 | ||
|---|---|---|---|
| 008 | 180718b2008 xxu||||| |||| 00| 0 eng d | ||
| 100 | _aRoss, Andrew | ||
| 245 | _aMaking the harder yards: environmental policy integration in Australia | ||
| 260 | _c2008 | ||
| 300 | _ap.245-60. | ||
| 362 | _aSep | ||
| 650 | _aEnvironmental policy | ||
| 700 | _aDovers, Stephen | ||
| 773 | _aAustralian Journal of Public Administration | ||
| 908 | _aN | ||
| 909 | _a79566 | ||
| 999 |
_c79566 _d79566 |
||